Brawl Stars Culture 2 - Statistiques

Statistiques générales
  • Ce quiz a été pris 143 fois
  • Le résultat moyen est 5 sur 15
Statistiques - réponses
Hint Réponse % Correct
Quel brawleur est connu pour être la mère de Jessie Pam
97%
Quel est le seul brawleur à avoir un skin déblocable en se connectant à Supercell ID Bartaba
69%
Qui est le seul brawleur qui peut revivre Doug
67%
Quel est le titre de Pam Ta Maman
58%
Quel équipe e-sport Brawl Stars à gagnée 3 fois d'affilé Zeta
49%
Quel émoticône venant tout droit du bizzare circus est l'une des plus toxique Clown
48%
Qui fut le premier joueur à passer les 50K trophées Eqwaak
44%
Sur quelle vidéo de Mr. Beast , brawl stars a collaboré Squid Game
26%
Comment s'appelle l'hôtel de Mr. M Snowtel
19%
Que signifie le S de l'acronyme et brawleur STU Stunt
16%
Quel est le titre de Kit Meow
13%
Quel concept fut crée par BFA , Blarod et Farsattack pendant le confinement ou le but était de s'affronter en faisant des packs opennings. Brawlanta
11%
Quel fut le premier skin ( et pour l'instant le seul ) à être déblocable uniquement sur le Supercell Store Roi Frank
9%
Comment s'appelle de Restaurant de Bull Bull's Diner
5%
Quel équipe e-sport a gagné les worlds en 2020 Code Magic
3%
Aucun quiz correspondant
Distribution des résultats
% des personnes avec chaque résultat
Percentile par nombre de réponses
Votre historique - résultats
Vous n’avez pas pris ce quiz